000 00241 a2200097 4500
001 58774
100 _a
245 _aAviation Information Management; From documents to Data
260 _aGreat Britain
_bAshgate
_c2002
090 _c36086
_d36086
942 _aNUST-CAE
_c
_c28987
999 _c293847
_d293847